000
00482nam a2200181Ia 4500
008
151018s9999 xx 000 0 und d
082
_b
RBASDV35824
_a
891.463
100
_a
विमल वाणी
245
_a
सूड
250
_b
1
260
_b
अमोल प्रकाशन मुंबई
300
_a
152
600
_a
विमल वाणी
630
_a
सूड
700
_a
विमल वाणी
730
_a
सूड
942
_c
BOOK
999
_c
1035297
_d
1035294